Serveis psiquiàtrics : per què?, per a qui?, on? per què?, per a qui?, on?
Descripción Física:
[9] p. ; 22 cm
MARC
| LEADER | 00000nam a2200000Ia 4500 | ||
|---|---|---|---|
| 001 | 14884 | ||
| 008 | 160829s9999 xx 000 0 cat d | ||
| 080 | |a FU-31-61 | ||
| 245 | |a Serveis psiquiàtrics : |b per què?, per a qui?, on? | ||
| 260 | |a [Barcelona] : |b Diputació de Barcelona, Servei de Psiquiatria, DL 1985 | ||
| 300 | |a [9] p. ; |c 22 cm | ||
| 650 | 0 | |a Assistència psiquiàtrica |x Barcelona (Catalunya : Província) |9 21981 | |
| 650 | 0 | |a Assistència hospitalària psiquiàtrica |x Barcelona (Catalunya : Província) |9 21982 | |
| 710 | 1 | |a Barcelona (Catalunya : Província). |b Servei de Psiquiatria |9 54514 | |
| 901 | |a Arxiu | ||
| 942 | |n 1 | ||
| 952 | |0 0 |1 0 |4 0 |6 FU3161 |7 1 |9 41978 |a Arxiu |b Arxiu |d 2016-12-01 |l 0 |o FU-31-61 |p 14884 |r 2016-12-01 00:00:00 |w 2016-12-01 |y ARXIU | ||
| 999 | |c 44425 |d 44425 | ||